| 000 | 00566nam a22001937a 4500 | ||
|---|---|---|---|
| 003 | OSt | ||
| 005 | 20140310181809.0 | ||
| 008 | 130705t xxu||||| |||| 00| 0 eng d | ||
| 050 |
_aCT 21 _b.M884 2008 |
||
| 082 |
_aREF 920.02 _bM83 2008 |
||
| 245 |
_aSuperstar stats : _beverything cool about, everyone who's hot! / _cJennifer Corr Morse. |
||
| 260 |
_bGeorgian Bay, _cc2008. |
||
| 300 |
_a318 p. ; _bill, col., photos ; _c23 cm. |
||
| 520 | _a1. Biography. | ||
| 521 | _aBasic Ed. Students | ||
| 541 | _j1 | ||
| 562 | _e1 | ||
| 942 |
_2lcc _cBK-GR _kREF |
||
| 999 |
_c3877 _d3877 |
||